Banabhatt ki atmakatha (Record no. 1396018)

MARC details
000 -LEADER
fixed length control field 00793nam a2200313Ia 4500
008 - FIXED-LENGTH DATA ELEMENTS--GENERAL INFORMATION
fixed length control field 160716s9999||||xx |||||||||||||| ||und||
040 ## - CATALOGING SOURCE
Transcribing agency Hindi
082 ## - DEWEY DECIMAL CLASSIFICATION NUMBER
Classification number vii.A (author)
082 ## - DEWEY DECIMAL CLASSIFICATION NUMBER
Item number BORI-45107
100 ## - MAIN ENTRY--PERSONAL NAME
Personal name Hajariprasad dvivedi
245 ## - TITLE STATEMENT
Title Banabhatt ki atmakatha
250 ## - EDITION STATEMENT
Remainder of edition statement 5th
260 ## - PUBLICATION, DISTRIBUTION, ETC. (IMPRINT)
Place of publication, distribution, etc Mumbai
260 ## - PUBLICATION, DISTRIBUTION, ETC. (IMPRINT)
Name of publisher, distributor, etc "Yashodhar modi, managing director of hindi granth ratnakar pvt ltd."
260 ## - PUBLICATION, DISTRIBUTION, ETC. (IMPRINT)
Date of publication, distribution, etc 1963
300 ## - PHYSICAL DESCRIPTION
Extent 10+316
300 ## - PHYSICAL DESCRIPTION
Dimensions A
300 ## - PHYSICAL DESCRIPTION
Accompanying material Hardbound
530 ## - ADDITIONAL PHYSICAL FORM AVAILABLE NOTE
Availability source chauhan D. V.
530 ## - ADDITIONAL PHYSICAL FORM AVAILABLE NOTE
Uniform Resource Identifier <a href="00049432.pdf">00049432.pdf</a>
563 ## - BINDING INFORMATION
Binding note Study
600 ## - SUBJECT ADDED ENTRY--PERSONAL NAME
Personal name Hajariprasad dvivedi
630 ## - SUBJECT ADDED ENTRY--UNIFORM TITLE
Uniform title Banabhatt ki atmakatha
650 ## - SUBJECT ADDED ENTRY--TOPICAL TERM
Topical term or geographic name as entry element Author
650 ## - SUBJECT ADDED ENTRY--TOPICAL TERM
Topical term or geographic name as entry element Classical lit.
700 ## - ADDED ENTRY--PERSONAL NAME
Personal name Hajariprasad dvivedi
730 ## - ADDED ENTRY--UNIFORM TITLE
Uniform title Banabhatt ki atmakatha
942 ## - ADDED ENTRY ELEMENTS (KOHA)
Koha item type Book

No items available.